<?xml version="1.0" encoding="UTF-8"?>
<record
    xmlns:xsi="http://www.w3.org/2001/XMLSchema-instance"
    xsi:schemaLocation="http://www.loc.gov/MARC21/slim http://www.loc.gov/standards/marcxml/schema/MARC21slim.xsd"
    xmlns="http://www.loc.gov/MARC21/slim">

  <leader>01294nam0a2200325   4500</leader>
  <controlfield tag="001">RU\NLR\ONL2\10239</controlfield>
  <controlfield tag="005">20260412043847.0</controlfield>
  <datafield tag="035" ind1=" " ind2=" ">
    <subfield code="a">(NLR Aleph) 009657828</subfield>
  </datafield>
  <datafield tag="090" ind1=" " ind2=" ">
    <subfield code="a">13652773</subfield>
    <subfield code="c">13652773</subfield>
  </datafield>
  <datafield tag="100" ind1=" " ind2=" ">
    <subfield code="a">20080710d1957    d  y0rusy50      ca</subfield>
  </datafield>
  <datafield tag="101" ind1="0" ind2=" ">
    <subfield code="a">aze</subfield>
  </datafield>
  <datafield tag="102" ind1=" " ind2=" ">
    <subfield code="a">AZ</subfield>
  </datafield>
  <datafield tag="105" ind1=" " ind2=" ">
    <subfield code="a">a |||||||||</subfield>
  </datafield>
  <datafield tag="200" ind1="1" ind2=" ">
    <subfield code="a">&#x410;&#x437;&#x4D9;&#x440;&#x431;&#x430;j&#x4B9;&#x430;&#x43D; &#x43C;&#x4D9;&#x43A;&#x442;&#x4D9;&#x431;&#x43B;&#x4D9;&#x440;&#x438;&#x43D;&#x438;&#x43D; 4-5-&#x4B9;&#x438; &#x441;&#x438;&#x43D;&#x438;&#x444;&#x43B;&#x4D9;&#x440;&#x438; &#x4AF;&#x447;&#x4AF;&#x43D; &#x444;&#x430;&#x440;&#x441; &#x434;&#x438;&#x43B;&#x438; &#x434;&#x4D9;&#x440;&#x441;&#x43B;&#x438;j&#x438;</subfield>
    <subfield code="f">&#x410;&#x437;&#x4D9;&#x440;&#x438; &#x4D8;., &#x4D8;&#x43B;&#x438;&#x437;&#x430;&#x434;&#x4D9; h.</subfield>
  </datafield>
  <datafield tag="210" ind1=" " ind2=" ">
    <subfield code="a">&#x411;&#x430;&#x43A;&#x44B;</subfield>
    <subfield code="c">&#x410;&#x437;&#x44D;&#x440;&#x43D;&#x44D;&#x448;&#x440;</subfield>
    <subfield code="d">1957</subfield>
  </datafield>
  <datafield tag="215" ind1=" " ind2=" ">
    <subfield code="a">300 &#x441;.</subfield>
    <subfield code="c">&#x438;&#x43B;.</subfield>
    <subfield code="d">22</subfield>
  </datafield>
  <datafield tag="300" ind1=" " ind2=" ">
    <subfield code="a">&#x417;&#x430;&#x433;&#x43B;. &#x442;&#x430;&#x43A;&#x436;&#x435; &#x43D;&#x430; &#x43F;&#x435;&#x440;&#x441;. &#x44F;&#x437;.</subfield>
  </datafield>
  <datafield tag="541" ind1="1" ind2=" ">
    <subfield code="6">z01790</subfield>
    <subfield code="a">&#x41F;&#x435;&#x440;&#x441;&#x438;&#x434;&#x441;&#x43A;&#x438;&#x439; &#x44F;&#x437;&#x44B;&#x43A;</subfield>
    <subfield code="e">&#x434;&#x43B;&#x44F; 4-5 &#x43A;&#x43B;. &#x430;&#x437;&#x435;&#x440;&#x431;&#x432;&#x439;&#x434;&#x436;&#x430;&#x43D;&#x441;&#x43A;&#x43E;&#x439; &#x448;&#x43A;&#x43E;&#x43B;&#x44B;</subfield>
    <subfield code="z">rus</subfield>
  </datafield>
  <datafield tag="606" ind1="0" ind2=" ">
    <subfield code="9">&#x423;&#x447;&#x435;&#x431;&#x43D;&#x44B;&#x435; &#x438;&#x437;&#x434;&#x430;&#x43D;&#x438;&#x44F; &#x434;&#x43B;&#x44F; &#x441;&#x440;&#x435;&#x434;&#x43D;&#x435;&#x439; &#x448;&#x43A;&#x43E;&#x43B;&#x44B;</subfield>
    <subfield code="a">&#x41F;&#x435;&#x440;&#x441;&#x438;&#x434;&#x441;&#x43A;&#x438;&#x439; &#x44F;&#x437;&#x44B;&#x43A;</subfield>
    <subfield code="2">nlr-sh2</subfield>
    <subfield code="2">nlr-sh1</subfield>
    <subfield code="3">RU\NLR\auth\66400906</subfield>
  </datafield>
  <datafield tag="686" ind1="1" ind2=" ">
    <subfield code="a">&#x428;152.311-922</subfield>
  </datafield>
  <datafield tag="700" ind1=" " ind2="1">
    <subfield code="a">&#x410;&#x437;&#x4D9;&#x440;&#x438;</subfield>
    <subfield code="b">&#x4D8;. &#x418;.</subfield>
    <subfield code="g">&#x4D8;&#x43B;&#x438; &#x418;&#x441;&#x43C;&#x430;j&#x44B;&#x43B; &#x43E;&#x493;&#x43B;&#x443;</subfield>
    <subfield code="4">070</subfield>
  </datafield>
  <datafield tag="701" ind1=" " ind2="1">
    <subfield code="a">&#x4D8;&#x43B;&#x438;&#x437;&#x430;&#x434;&#x4D9;</subfield>
    <subfield code="b">h. &#x42D;.</subfield>
    <subfield code="g">h&#x44D;&#x441;&#x44D;&#x43D; &#x42D;&#x43B;&#x438; &#x43E;&#x433;&#x43B;&#x443;</subfield>
    <subfield code="4">070</subfield>
  </datafield>
  <datafield tag="790" ind1=" " ind2="1">
    <subfield code="6">z01541</subfield>
    <subfield code="a">&#x410;&#x437;&#x435;&#x440;&#x438;</subfield>
    <subfield code="b">&#x410;.</subfield>
    <subfield code="g">&#x410;&#x43B;&#x438;</subfield>
    <subfield code="4">070</subfield>
  </datafield>
  <datafield tag="801" ind1=" " ind2="0">
    <subfield code="a">RU</subfield>
    <subfield code="b">NLR</subfield>
    <subfield code="c">20080710</subfield>
    <subfield code="g">PSBO</subfield>
  </datafield>
  <datafield tag="852" ind1=" " ind2=" ">
    <subfield code="a">NLR</subfield>
    <subfield code="b">&#x41E;&#x41D;&#x41B;</subfield>
    <subfield code="j">&#x410;&#x437;&#x435;&#x440;&#x431;./3-5331</subfield>
  </datafield>
  <datafield tag="942" ind1=" " ind2=" ">
    <subfield code="c">BOOK</subfield>
  </datafield>
  <datafield tag="980" ind1=" " ind2=" ">
    <subfield code="a">ONL_RF</subfield>
  </datafield>
  <datafield tag="980" ind1=" " ind2=" ">
    <subfield code="a">NB</subfield>
  </datafield>
</record>
